International Insolvency Proceedings As a Tool to Resolve Debtor's Insolvency
Vďaka globalizácii, ale aj voľnému pohybu sa v mnohých insolvenčných konaniach, ktoré riešia úpadok dlžníka a jeho riešenie, objavuje medzinárodný prvok. Autori článku skúmajú právny rámec, ktorý sa uplatňuje, keď má medzinárodný prvok vzťah s krajinami Európskej únie a právny rámec, ktorý sa uplatň...
Salvato in:
| Autore principale: | |
|---|---|
| Altri autori: | |
| Natura: | Capitolo di libro |
| Lingua: | inglese |
| Soggetti: | |
| Tags: |
Nessun Tag, puoi essere il primo ad aggiungerne!!
|
MARC
| LEADER | 00000naa a2200000 4500 | ||
|---|---|---|---|
| 001 | 0304759 | ||
| 005 | 20241128153539.3 | ||
| 041 | 0 | |a eng | |
| 044 | |a SK | ||
| 245 | 1 | 0 | |a International Insolvency Proceedings As a Tool to Resolve Debtor's Insolvency |c Mária Veterníková, Andrea Slezáková |
| 520 | |a Vďaka globalizácii, ale aj voľnému pohybu sa v mnohých insolvenčných konaniach, ktoré riešia úpadok dlžníka a jeho riešenie, objavuje medzinárodný prvok. Autori článku skúmajú právny rámec, ktorý sa uplatňuje, keď má medzinárodný prvok vzťah s krajinami Európskej únie a právny rámec, ktorý sa uplatňuje, keď má medzinárodný prvok vzťah s krajinami, ktoré nie sú členmi Európskej únie. . V takýchto prípadoch je použitá právna úprava odlišná. V práci sú uvedené jej spoločné črty a rozdiely. | ||
| 610 | 2 | 0 | |a dlžníci |
| 610 | 2 | 0 | |a konkurzy |
| 610 | 2 | 0 | |a reštrukturalizácia |
| 610 | 2 | 0 | |a legislatíva |
| 100 | 1 | |a Veterníková, Mária, 1964- | |
| 700 | 1 | |a Slezáková, Andrea, 1980- | |